01427nam a2200277Ia 450000500170000000800410001708200140005811000360007224500740010825000190018230000450020149000280024652004530027465000490072765000460077665000390082265000450086165000570090694200130096326400350097633600270101133700330103833800280107104000350109999900150113420220317001410.0161108s2010 ck g 000 0 spa 04a577bD37b2 aDiscovery Communications97221810aBiomasbclimas extremoscDiscovery Communicationshvideodisco digital a1a. edición  a1 DVD (60 minutos)bsonido, colorc12 cm aDiscovery en la escuela aLos biomas son áreas definidas climática y geográficamente, con similares condiciones ecológicas tales como las comunidades de plantas, animales y organismos del suelo , (que a menudo se nombran com o ecosistemas). Los biomas estan definidos por factoresw tales como la estructura de las plantas (árboles, arbustos y hierbas), los tipos de hojas (como hoja ncha y agujas), el espaciado de las plantas (bosque, floresta, sabana) y el clima142LEMBaRegiones biogeográficasyVideodiscos142LEMBaEcosistemas terrestresvVideodiscos142LEMBaClimatología vVideodiscos142LEMBaCambios climáticos yVideodiscos142LEMB aCalentamiento globalvVideodiscosxPrevencion 2ddccDVD aBogotábMS Tv & Videosc2010 atextobtxt2rdacontent asin mediaciónbn2rdamedia avolumenbnc2rdacarrier aCO-BoRNBPbspaerdacCO-BoRNBP c6862d6862